00578nam a2200133Ia 4500008004100000100003000041245009800071245012600169260005300295260000900348300001100357650001500368856006100383170221s9999 xx 000 0 und d aZinaida Petrovna Larskikh 4aThe Main Trends for Arranging Project Activities in Practice of the Modern Elementary School  cZinaida Petrovna Larskikh, Irina Gennadievna Almazova, Svetlana Nikolaevna Chislova, Valentine Alexandrovna Chibuhashvili bInternational Review of Management and Marketing c2016 a6 : 3S xMarketing. uhttp://www.econjournals.com/index.php/irmm/issue/view/75